000 00555nam a2200193 a 4500
005 20140414132141.0
008 140130s19uu xx 00 eng d
020 _a9781409386606
050 _aREF 679
_bDa11 2012
100 _aDaugall, Alastair
245 _aLego book (The).
250 _aexpanded and fully revised
260 _aLondon, New York :
_bDK Publishing, Inc,
_cc2012.
300 _a256
520 _aIncludes index
650 _aLEGO toys-
_xJuvenile literature
650 _aLEGO toys-
_xhistory-juvenile literature
999 _c115351
_d115351